A history of Slovak literature /

Bibliographic Details
Main Author: Petro, Peter
Format: Book
Language:English
Published: Montréal ; Buffalo : McGill-Queen's University Press, 1995.
Subjects:

MARC

Tag First Indicator Second Indicator Subfields
LEADER 00000cam a22000008a 4500
001 in00001290171
005 20151004093746.0
008 950407s1995 quc b 001 0 eng d
010 |a cn 95900408  
015 |a C95-900408-4 
020 |a 0773513116 
035 |a (OCoLC)32547086 
035 |9 AGZ8628AM 
040 |a NLC  |b eng  |c NLC  |d PIT  |d TXA  |d UtOrBLW 
049 |a TXAM 
055 0 1 |a PG5401 
082 0 0 |a 891.8/709  |2 20 
090 |a PG5401  |b .P4 1995 
100 1 |a Petro, Peter. 
245 1 2 |a A history of Slovak literature /  |c Peter Petro. 
263 |a 9510 
264 1 |a Montréal ;  |a Buffalo :  |b McGill-Queen's University Press,  |c 1995. 
300 |a x, 164 pages ;  |c 24 cm. 
336 |a text  |b txt  |2 rdacontent 
337 |a unmediated  |b n  |2 rdamedia 
338 |a volume  |b nc  |2 rdacarrier 
504 |a Includes bibliographical references (pages [157]-160) and index. 
650 0 |a Slovak literature  |x History and criticism. 
999 |a MARS 
999 f f |s 51a13cc5-618a-38b8-abb2-8253d9752a39  |i 79ef154f-05ab-3233-8d19-0dce6abb4352  |t 0 
952 f f |p ric  |a Texas A&M University  |b Rellis Campus  |c Joint Library Facility  |s JLF  |d Remote Storage  |t 0  |e PG5401 .P4 1995  |h Library of Congress classification  |i unmediated -- volume  |m A14819947834 
998 f f |a PG5401 .P4 1995  |t 0  |l Remote Storage